000 01093nam a2200301 a 4500
001 000116004
003 CHAP
005 20220329144556.0
008 190827s2019 mx a |sm |||||||spa d
010 _a112465
011 _a113437
040 _cCHAP
090 _aTesis
100 1 _aHernández López, Surisaddai.
_9132948
245 1 0 _aDeterminación de la madurez de Guadua angustifolia Kunth por propiedades físico-mecánicas
_h[En línea]
_cpor Surisaddai Henández López.
260 _aChapingo, Méx. :
_bEl autor,
_c2019.
500 _aPara ver el contenido del material haga clic en la liga
502 _aTesis (M. C. en Ciencias Forestales) -- UACH. División de Ciencias Forestales
590 _aE6337LMJ
_b05
_c20190827
_lUCH01
_h1151
590 _aE6337LMJ
_b05
_c20190827
_lUCH01
_h1152
650 1 4 _aBambú
_xAprovechamiento.
_9126305
650 1 4 _aBambú
_xFisiología y morfología.
_9136704
650 1 4 _aBambú
_xVariedades.
_9132954
856 _aFinding aid
_uhttp://10.13.5.2/tesis/sist116004.pdf
_zTeclea aquí
901 _aBK
942 _cTESIS
942 _n0
999 _c112465
_d112465